[Event "Kragero Resort International 2022"]
[Site "Kragero"]
[Date "2022.02.26"]
[Round "8.13"]
[White "Doluhanova, Evgeniya"]
[Black "Rozum, Ivan"]
[Result "1/2-1/2"]
[WhiteElo "2255"]
[BlackElo "2537"]
[Annotator "TA"]
[PlyCount "48"]
[EventDate "2022.02.23"]
[EventType "swiss"]
[EventCountry "NOR"]
[SourceTitle "playchess.com"]
[Source "ChessBase"]
[SourceQuality "1"]

{[%evp 9,48,22,30,23,20,29,23,23,28,0,14,-12,-27,-24,-9,-28,-27,-27,-27,-28,-30,-31,-29,-31,-24,-36,-35,-37,-32,-38,-8,-9,0,0,0,0,0,0,0,-1,0]} 1. e4 c6 2. d3 d5 3. Nc3 dxe4 4. dxe4 Qxd1+ 5. Nxd1 e5 6. Nf3 {B11: Caro-Kann: Two Knights Variation.} f6 7. Bc4 Nd7 8. Be3 {White has an edge.} Bc5 {[#]} 9. Be6 $146 {[#] Strongly threatening Bxd7+.} ({Predecessor:} 9. Nd2 Ne7 10. Nb3 Bxe3 11. Nxe3 Nb6 12. O-O-O Nxc4 13. Nxc4 Rb8 14. Nd6+ Kf8 15. Nxc8 Rxc8 {1-0 (63) Hasanagic,A (2235)-Ristic,N (2332) Chess.com INT 2020}) 9... Bb6 10. Bxb6 axb6 11. Ne3 Ke7 12. Bh3 {aiming for Nf5+.} Nh6 13. Nd2 Nc5 14. Bxc8 Rhxc8 15. f3 b5 16. a3 Nf7 17. Nf5+ Kf8 18. O-O-O g6 19. Ne3 Ke7 20. h4 {The position is equal.} Rd8 21. h5 Rd7 22. hxg6 hxg6 23. Rh7 Ne6 24. Rdh1 Rdd8 {Weighted Error Value: White=0.04 (flawless) /Black=0.05 (flawless)} 1/2-1/2

[Event "Kragero Resort International 2022"]
[Site "Kragero"]
[Date "2022.02.26"]
[Round "8.14"]
[White "Vrolijk, Liam"]
[Black "Hirneise, Jens"]
[Result "1-0"]
[WhiteElo "2480"]
[BlackElo "2327"]
[Annotator "TA"]
[PlyCount "75"]
[EventDate "2022.02.23"]
[EventType "swiss"]
[EventCountry "NOR"]
[SourceTitle "playchess.com"]
[Source "ChessBase"]
[SourceQuality "1"]

{[%evp 14,75,16,8,49,11,17,4,8,16,21,12,16,2,53,45,48,46,47,4,16,3,54,25,94,102,78,65,170,153,167,141,185,175,241,246,254,166,210,208,306,305,316,309,326,250,522,497,519,499,583,591,590,591,574,582,558,507,600,600,660,648,691,673]} 1. d4 Nf6 2. c4 g6 3. g3 Bg7 4. Bg2 O-O 5. Nc3 Nc6 6. Nf3 d5 {6...d5 scores better than 6...d6.} 7. cxd5 Nxd5 8. O-O e5 {D74: Fianchetto Grünfeld: Main Line (5 Nf3 0-0 6 cxd5 Nxd5 7 0-0).} (8... Nxc3 $11 9. bxc3 e5) 9. Bg5 Nxc3 10. bxc3 f6 {The position is equal.} 11. Bc1 e4 12. Nd2 f5 13. Rb1 Kh8 {[#]} (13... Ne7 $11) 14. f3 $146 ({Predecessor:} 14. Qb3 b6 15. e3 Na5 16. Qc2 Ba6 17. c4 Qe7 18. Bb2 Rac8 19. Rfc1 c5 20. d5 {0-1 (50) Moroni,L (2541)-Zubov,A (2601) Chess.com INT 2019}) 14... exf3 15. Bxf3 Ne7 16. Ba3 (16. Bxb7 $14 Bxb7 17. Rxb7) 16... Re8 $11 17. Qb3 {Inhibits Nd5.} ({Reject} 17. Bxb7 Bxb7 18. Rxb7 Nd5 $17) 17... c6 (17... Bxd4+ $2 18. cxd4 Ng8 19. d5 $18) ({Black should try} 17... Nc6 $11) 18. e4 b5 {[#]} (18... fxe4 $11 {keeps the balance.} 19. Nxe4 (19. Bxe4 Nd5 $15) 19... Nf5) 19. Rbe1 $1 $16 Bd7 20. Bg2 {White is more active.} Ng8 (20... a5 $1 $14) 21. exf5 $18 gxf5 {[#]} 22. Nf3 $1 $40 {[%mdl 128] White wants a kill.} Bf6 (22... a5 $16 {was worth a try.} 23. Bc5 a4) 23. Bd6 Rxe1 (23... a5 {might work better.} 24. a3 Qc8 25. Rxe8 Bxe8) 24. Rxe1 ({Don't take} 24. Nxe1 $6 Qe8 $16) 24... Be8 25. Qe6 Bd7 (25... Bf7 $142 26. Qxf7 Qxd6) 26. Qe3 Be8 (26... Kg7 $142 27. Qf4 Ne7) 27. Qf4 a5 28. a3 Kg7 29. Nh4 Bg6 (29... Bd7 30. Be5 Kh8 31. Nxf5 Bxe5 32. Qxe5+ Qf6) 30. Nxg6 {White is clearly winning.} hxg6 31. Bxc6 Rc8 {[#]} 32. Re8 $1 Qxe8 33. Bxe8 Rxe8 34. Qf1 {Inhibits Re1.} Re6 35. Bf4 g5 36. Bc7 Nh6 37. Qxb5 Ng4 38. h3 {Weighted Error Value: White=0.12 (very precise) /Black=0.44} ({Weaker is} 38. Qxf5 Re1+ 39. Qf1 Rxf1+ 40. Kxf1 a4 $15) 1-0

[Event "Kragero Resort International 2022"]
[Site "Kragero"]
[Date "2022.02.26"]
[Round "8.15"]
[White "Kjartansson, Gudmundur"]
[Black "Kanyamarala, Tarun"]
[Result "1-0"]
[WhiteElo "2450"]
[BlackElo "2343"]
[Annotator "TA"]
[PlyCount "109"]
[EventDate "2022.02.23"]
[EventType "swiss"]
[EventCountry "NOR"]
[SourceTitle "playchess.com"]
[Source "ChessBase"]
[SourceQuality "1"]

{[%evp 13,109,17,43,43,45,35,44,43,44,37,36,50,40,37,35,31,55,38,100,28,29,2,152,156,123,121,177,167,366,302,327,137,112,152,135,141,154,158,212,212,199,194,474,445,460,416,441,437,418,319,388,386,373,373,743,734,890,885,868,867,842,829,2189,2186,2117,2008,1997,1969,5089,5077,3714,3585,5081,5080,29968,29969,29969,29969,29969,29974,29974,29973,29977,29978,29978,29979,29977,29979,29981,29982,29983,29984,29984,29985,29985,29986,29986,29987]} 1. d4 f5 2. Nf3 Nf6 3. c4 g6 4. Nc3 Bg7 5. e3 O-O 6. Be2 d6 7. O-O Qe8 8. b4 {A85: Dutch Defence: 2 c4 Nf6 3 Nc3.} e5 9. dxe5 dxe5 10. b5 {White is slightly better.} e4 11. Nd4 Nbd7 12. Ba3 Rf7 {[#]} 13. c5 $146 {[%cal Bc4c5,Bc5c6][%mdl 32]} ({Predecessor:} 13. Rc1 Ne5 14. Nd5 c6 15. Nf4 Bf8 16. Bxf8 Qxf8 17. bxc6 bxc6 18. Qd2 g5 19. Qa5 {½-½ (29) Clark,R (2125)-Llorente Alvarez,J (2206) ICCF email 2017}) 13... Ne5 14. Qb3 g5 15. c6 b6 (15... bxc6 $14 16. bxc6 Kh8) 16. Nd5 ({White should try} 16. Bb2 $16) 16... Kh8 17. Rad1 Be6 ({Better is} 17... a6 $1 $11) 18. Nxe6 $16 Qxe6 19. Nxf6 Rxf6 (19... Qxb3 $16 {might work better.} 20. axb3 Bxf6) 20. Rd5 $18 {Hoping for Rfd1.} Rg8 $2 {[#]} (20... Rh6 21. Bb2 Bf6) 21. Rfd1 {Bb2 is the strong threat.} Rg6 22. Rd8 (22. Bb2 $18 {is more deadly.}) 22... Qxb3 $16 23. axb3 Bf6 24. R8d5 {White is much more active. Black has bad knights.} R6g7 25. Kf1 Ra8 (25... g4 $16 26. Bc4 Re8) 26. Bb2 Re7 27. Rd8+ Re8 $2 (27... Rxd8 28. Rxd8+ Kg7) 28. Rxe8+ $18 Rxe8 {[#]} 29. Rd7 {[%mdl 512]} Rc8 (29... Nxd7 $2 30. cxd7 Ra8 31. Bxf6+ Kg8 32. Bxg5 $18) 30. Bc4 Ng4 31. Bxf6+ Nxf6 {[%mdl 4096] Endgame KRB-KRN} 32. Rf7 Ne8 33. Rxf5 h6 $2 (33... Ra8 34. Rf8+ Kg7 35. Rf7+ Kg6) 34. Be6 Rd8 35. Rf8+ Kg7 36. Rg8+ Kf6 37. Bd7 Ke7 38. Rxe8+ Rxe8 39. Bxe8 Kxe8 {KP-KP} 40. f4 exf3 41. gxf3 {[%cal Bg2f3,Bf3f4,Bf4f5][%mdl 32]} Ke7 42. Kf2 Kd6 43. f4 Kc5 44. f5 {White mates.} Kd5 45. Kf3 h5 46. e4+ Ke5 47. Kf2 Kf6 48. Ke3 Ke5 49. h3 Kf6 50. Kd4 g4 51. hxg4 hxg4 52. Ke3 Kg5 53. Kf2 Kf6 54. Kg2 Kg5 55. Kg3 {Weighted Error Value: White=0.14 (very precise) /Black=0.45} 1-0

[Event "Kragero Resort International 2022"]
[Site "Kragero"]
[Date "2022.02.26"]
[Round "8.16"]
[White "Osmak, Yuliia"]
[Black "Radeva, Viktoria"]
[Result "1-0"]
[WhiteElo "2432"]
[BlackElo "2261"]
[Annotator "NA"]
[PlyCount "85"]
[EventDate "2022.02.23"]
[EventType "swiss"]
[EventCountry "NOR"]
[SourceTitle "playchess.com"]
[Source "ChessBase"]
[SourceQuality "1"]
[TimeControl "5400+30"]

1. c4 {[%emt 0:06:01]} e6 {[%emt 0:00:07]} 2. Nc3 {[%emt 0:00:15]} d5 {[%emt 0:00:08]} 3. d4 {[%emt 0:00:06]} Nf6 {[%emt 0:00:17]} 4. cxd5 {[%emt 0:00:22]} exd5 {[%emt 0:00:04]} 5. Bg5 {[%emt 0:00:08]} c6 {[%emt 0:00:28]} 6. e3 {[%emt 0:01:01]} Bd6 {[%emt 0:00:46]} 7. Bd3 {[%emt 0:01:13]} O-O {[%emt 0:00:57]} 8. Qc2 {[%emt 0:04:19]} h6 {[%emt 0:00:08]} 9. Bh4 {[%emt 0:00:06]} Re8 {[%emt 0:00:51]} 10. Nf3 {[%emt 0:01:58]} Nbd7 {[%emt 0:00:15]} 11. Bg3 {[%emt 0:00:53]} Nf8 {[%emt 0:04:17]} 12. O-O {[%emt 0:07:56]} Ne6 {[%emt 0:07:28]} 13. Ne5 {[%emt 0:08:30]} Ng5 {[%emt 0:15:19]} 14. f3 {[%emt 0:11:44]} a6 {[%emt 0:08:43]} 15. Rae1 {[%emt 0:07:10]} c5 {[%emt 0:04:52]} 16. f4 {[%emt 0:09:06]} Ne6 {[%emt 0:02:50]} 17. Bh4 {[%emt 0:03:30]} Be7 {[%emt 0:06:13]} 18. Bf5 {[%emt 0:14:41]} cxd4 {[%emt 0:04:34]} 19. Bxe6 {[%emt 0:00:13]} Bxe6 {[%emt 0:00:07]} 20. exd4 {[%emt 0:00:03]} Rc8 {[%emt 0:01:25]} 21. Qb3 {[%emt 0:03:28]} Ne4 {[%emt 0:06:17]} 22. Bxe7 {[%emt 0:00:53]} Rxe7 {[%emt 0:00:19]} 23. f5 {[%emt 0:01:40]} Nd2 {[%emt 0:03:01]} 24. Qd1 {[%emt 0:02:08]} Nxf1 {[%emt 0:00:07]} 25. fxe6 {[%emt 0:00:06]} Rxe6 {[%emt 0:00:39]} 26. Rxf1 {[%emt 0:00:45]} f6 {[%emt 0:03:51]} 27. Ng6 {[%emt 0:02:23]} b5 {[%emt 0:01:44]} 28. Qg4 {[%emt 0:00:49]} Rcc6 {[%emt 0:03:21]} 29. Nf4 {[%emt 0:02:32]} Red6 {[%emt 0:00:56]} 30. Nh5 {[%emt 0:02:31]} Qe7 {[%emt 0:01:20]} 31. Ng3 {[%emt 0:03:15]} Qe3+ {[%emt 0:03:12]} 32. Kh1 {[%emt 0:00:02]} Qg5 {[%emt 0:00:11]} 33. Qe2 {[%emt 0:02:09]} b4 {[%emt 0:01:55]} 34. Na4 {[%emt 0:01:13]} Re6 {[%emt 0:00:27]} 35. Qd1 {[%emt 0:00:19]} Qe3 {[%emt 0:03:15]} 36. Nc5 {[%emt 0:00:22]} Re8 {[%emt 0:00:13]} 37. Qa4 {[%emt 0:01:40]} Rb6 {[%emt 0:04:34]} 38. Qd7 {[%emt 0:01:56]} Qe7 {[%emt 0:01:19]} 39. Qxd5+ {[%emt 0:00:08]} Kh8 {[%emt 0:00:10]} 40. Nf5 {[%emt 0:00:42]} Qe2 {[%emt 0:00:30]} 41. Kg1 {[%emt 0:00:33]} Qg4 {[%emt 0:01:38]} 42. Qd7 {[%emt 0:01:48]} Re2 {[%emt 0:01:15]} 43. Ng3 {[%emt 0:00:16]} 1-0

[Event "Kragero Resort International 2022"]
[Site "Kragero"]
[Date "2022.02.26"]
[Round "8.17"]
[White "Reimanis, Ritvars"]
[Black "Van Dael, Siem"]
[Result "1/2-1/2"]
[WhiteElo "2397"]
[BlackElo "2303"]
[Annotator "ChessBase"]
[PlyCount "49"]
[EventDate "2022.02.23"]
[EventType "swiss"]
[EventCountry "NOR"]
[SourceTitle "playchess.com"]
[Source "ChessBase"]
[SourceQuality "1"]
[TimeControl "5400+30"]

1. Nf3 {[%emt 0:03:07]} Nf6 {[%emt 0:00:08]} 2. c4 {[%emt 0:00:05]} g6 {[%emt 0:00:05]} 3. Nc3 {[%emt 0:00:04]} Bg7 {[%emt 0:00:04]} 4. g3 {[%emt 0:00:05]} O-O {[%emt 0:00:07]} 5. Bg2 {[%emt 0:00:03]} d6 {[%emt 0:00:06]} 6. O-O {[%emt 0:00:07]} c5 {[%emt 0:00:58]} 7. Rb1 {[%emt 0:00:08]} Nc6 {[%emt 0:01:28]} 8. a3 {[%emt 0:00:05]} a5 {[%emt 0:07:21]} 9. e4 {[%emt 0:00:18]} Ne8 {[%emt 0:00:53]} 10. Ne1 {[%emt 0:04:34]} Nc7 {[%emt 0:00:26]} 11. Nc2 {[%emt 0:00:19]} Ne6 {[%emt 0:00:55]} 12. b4 {[%emt 0:01:27]} axb4 {[%emt 0:00:20]} 13. axb4 {[%emt 0:00:05]} cxb4 {[%emt 0:01:49]} 14. Nxb4 {[%emt 0:00:19]} Ned4 {[%emt 0:00:59]} 15. Nc2 {[%emt 0:02:17]} Be6 {[%emt 0:04:40]} 16. d3 {[%emt 0:01:20]} Rb8 {[%emt 0:01:49]} 17. Be3 {[%emt 0:02:36]} Qd7 {[%emt 0:03:54]} 18. Nxd4 {[%emt 0:00:46]} Nxd4 {[%emt 0:00:08]} 19. Nb5 {[%emt 0:00:07]} Nc6 {[%emt 0:01:05]} 20. Qe2 {[%emt 0:02:06]} f5 {[%emt 0:03:17]} 21. f3 {[%emt 0:14:11]} fxe4 {[%emt 0:02:32]} 22. fxe4 {[%emt 0:00:10]} Bg4 {[%emt 0:00:20]} 23. Qd2 {[%emt 0:05:06]} Ne5 {[%emt 0:02:01]} 24. Bf4 {[%emt 0:01:41]} Bh3 {[%emt 0:04:43]} 25. Bxe5 {[%emt 0:09:25]} 1/2-1/2

[Event "Kragero Resort International 2022"]
[Site "Kragero"]
[Date "2022.02.26"]
[Round "8.18"]
[White "Alinasab, Mobina"]
[Black "Kenneskog, Theodor"]
[Result "1-0"]
[WhiteElo "2325"]
[BlackElo "2344"]
[Annotator "NA"]
[PlyCount "69"]
[EventDate "2022.02.23"]
[EventType "swiss"]
[EventCountry "NOR"]
[SourceTitle "playchess.com"]
[Source "ChessBase"]
[SourceQuality "1"]
[TimeControl "5400+30"]

1. e4 {[%emt 0:03:01]} c5 {[%emt 0:00:10]} 2. Nf3 {[%emt 0:00:13]} d6 {[%emt 0:00:06]} 3. d4 {[%emt 0:00:05]} cxd4 {[%emt 0:00:06]} 4. Nxd4 {[%emt 0:00:05]} Nf6 {[%emt 0:00:06]} 5. Nc3 {[%emt 0:00:06]} a6 {[%emt 0:00:06]} 6. Be3 {[%emt 0:00:12]} e5 {[%emt 0:00:08]} 7. Nf3 {[%emt 0:00:08]} Qc7 {[%emt 0:00:48]} 8. Be2 {[%emt 0:00:09]} Be7 {[%emt 0:00:36]} 9. a4 {[%emt 0:00:28]} b6 {[%emt 0:01:24]} 10. Bg5 {[%emt 0:03:08]} Nbd7 {[%emt 0:02:31]} 11. O-O {[%emt 0:01:08]} O-O {[%emt 0:01:30]} 12. Nd2 {[%emt 0:00:11]} h6 {[%emt 0:10:39]} 13. Bh4 {[%emt 0:05:09]} Bb7 {[%emt 0:01:04]} 14. Bc4 {[%emt 0:00:13]} Nc5 {[%emt 0:12:15]} 15. Bxf6 {[%emt 0:01:07]} Bxf6 {[%emt 0:00:06]} 16. Bd5 {[%emt 0:00:46]} Bg5 {[%emt 0:00:38]} 17. Nc4 {[%emt 0:02:27]} Bxd5 {[%emt 0:08:09]} 18. Nxd5 {[%emt 0:12:33]} Qc6 {[%emt 0:00:20]} 19. Ncxb6 {[%emt 0:04:08]} Rab8 {[%emt 0:01:21]} 20. a5 {[%emt 0:00:55]} Qb5 {[%emt 0:38:15]} 21. Qb1 {[%emt 0:06:26]} Qc6 {[%emt 0:02:44]} 22. Qe1 {[%emt 0:02:54]} Bd8 {[%emt 0:01:43]} 23. b4 {[%emt 0:03:45]} Ne6 {[%emt 0:00:46]} 24. c3 {[%emt 0:00:20]} f5 {[%emt 0:01:09]} 25. exf5 {[%emt 0:00:55]} Nf4 {[%emt 0:05:17]} 26. Rd1 {[%emt 0:03:49]} Re8 {[%emt 0:06:46]} 27. Nxf4 {[%emt 0:03:42]} exf4 {[%emt 0:00:07]} 28. Rxd6 {[%emt 0:00:17]} Qb5 {[%emt 0:04:02]} 29. c4 {[%emt 0:01:10]} Rxe1 {[%emt 0:01:26]} 30. cxb5 {[%emt 0:00:07]} Rxf1+ {[%emt 0:00:27]} 31. Kxf1 {[%emt 0:00:06]} axb5 {[%emt 0:00:23]} 32. Nd5 {[%emt 0:01:35]} Rc8 {[%emt 0:00:28]} 33. Rd7 {[%emt 0:00:20]} Bg5 {[%emt 0:00:49]} 34. a6 {[%emt 0:01:07]} Rc1+ {[%emt 0:00:26]} 35. Ke2 {[%emt 0:00:07]} 1-0

[Event "Kragero Resort International 2022"]
[Site "Kragero"]
[Date "2022.02.26"]
[Round "8.19"]
[White "Shehzad, Shazil"]
[Black "Abdrlauf, Elham"]
[Result "0-1"]
[WhiteElo "2182"]
[BlackElo "2343"]
[Annotator "NA"]
[PlyCount "80"]
[EventDate "2022.02.23"]
[EventType "swiss"]
[EventCountry "NOR"]
[SourceTitle "playchess.com"]
[Source "ChessBase"]
[SourceQuality "1"]
[TimeControl "5400+30"]

1. e4 {[%emt 0:04:44]} c6 {[%emt 0:00:06]} 2. Nc3 {[%emt 0:00:14]} d5 {[%emt 0:00:30]} 3. Nf3 {[%emt 0:00:05]} dxe4 {[%emt 0:00:29]} 4. Nxe4 {[%emt 0:00:08]} Nf6 {[%emt 0:00:04]} 5. Qe2 {[%emt 0:00:16]} Nxe4 {[%emt 0:00:02]} 6. Qxe4 {[%emt 0:00:07]} Nd7 {[%emt 0:00:02]} 7. Bc4 {[%emt 0:00:11]} Nf6 {[%emt 0:00:04]} 8. Ne5 {[%emt 0:00:05]} e6 {[%emt 0:00:03]} 9. Qe2 {[%emt 0:00:07]} b5 {[%emt 0:00:05]} 10. Bd3 {[%emt 0:00:15]} Qc7 {[%emt 0:01:43]} 11. a4 {[%emt 0:00:05]} Bd6 {[%emt 0:00:36]} 12. Nxc6 {[%emt 0:00:07]} b4 {[%emt 0:00:05]} 13. Nd4 {[%emt 0:00:08]} a6 {[%emt 0:00:11]} 14. Nf5 {[%emt 0:00:33]} Be5 {[%emt 0:00:34]} 15. Nxg7+ {[%emt 0:03:18]} Kf8 {[%emt 0:00:03]} 16. Nh5 {[%emt 0:00:26]} Nxh5 {[%emt 0:00:06]} 17. Qxh5 {[%emt 0:00:08]} Bb7 {[%emt 0:00:02]} 18. O-O {[%emt 0:06:45]} Rg8 {[%emt 0:07:33]} 19. f3 {[%emt 0:03:14]} f5 {[%emt 0:00:04]} 20. Qh6+ {[%emt 0:04:16]} Kf7 {[%emt 0:06:10]} 21. c3 {[%emt 0:08:55]} Rg6 {[%emt 0:01:01]} 22. Qh5 {[%emt 0:01:39]} Rag8 {[%emt 0:21:41]} 23. Rf2 {[%emt 0:04:01]} Kf8 {[%emt 0:01:47]} 24. Bf1 {[%emt 0:01:46]} Bf4 {[%emt 0:00:13]} 25. d4 {[%emt 0:05:11]} Bxc1 {[%emt 0:00:50]} 26. Rxc1 {[%emt 0:05:42]} Qf4 {[%emt 0:00:01]} 27. Re1 {[%emt 0:02:37]} Rh6 {[%emt 0:00:08]} 28. Qxh6+ {[%emt 0:00:12]} Qxh6 {[%emt 0:00:02]} 29. cxb4 {[%emt 0:00:14]} Qf4 {[%emt 0:01:28]} 30. Rxe6 {[%emt 0:04:32]} Qxd4 {[%emt 0:00:04]} 31. b5 {[%emt 0:01:40]} axb5 {[%emt 0:00:19]} 32. axb5 {[%emt 0:00:39]} Bxf3 {[%emt 0:02:57]} 33. Ra6 {[%emt 0:03:00]} Be4 {[%emt 0:00:56]} 34. b3 {[%emt 0:04:35]} Rg7 {[%emt 0:01:53]} 35. Ra4 {[%emt 0:01:10]} Qe3 {[%emt 0:00:24]} 36. Rc4 {[%emt 0:00:42]} Rd7 {[%emt 0:00:22]} 37. Rc8+ {[%emt 0:02:18]} Kg7 {[%emt 0:00:57]} 38. b6 {[%emt 0:00:44]} Rd2 {[%emt 0:00:13]} 39. Rc7+ {[%emt 0:00:06]} Kh6 {[%emt 0:00:09]} 40. Rc6+ {[%emt 0:00:12]} Bxc6 {[%emt 0:00:07]} 0-1

[Event "Kragero Resort International 2022"]
[Site "Kragero"]
[Date "2022.02.26"]
[Round "8.20"]
[White "Fischer, Daniel"]
[Black "Altarbosh, Ward"]
[Result "0-1"]
[WhiteElo "2340"]
[BlackElo "2221"]
[Annotator "NA"]
[PlyCount "120"]
[EventDate "2022.02.23"]
[EventType "swiss"]
[EventCountry "NOR"]
[SourceTitle "playchess.com"]
[Source "ChessBase"]
[SourceQuality "1"]
[TimeControl "5400+30"]

1. e4 {[%emt 0:01:27]} e6 {[%emt 0:00:04]} 2. d4 {[%emt 0:00:05]} d5 {[%emt 0:00:04]} 3. Nc3 {[%emt 0:00:04]} Nf6 {[%emt 0:00:04]} 4. Bg5 {[%emt 0:00:16]} dxe4 {[%emt 0:00:06]} 5. Nxe4 {[%emt 0:00:06]} Be7 {[%emt 0:00:06]} 6. Nxf6+ {[%emt 0:00:07]} Bxf6 {[%emt 0:00:06]} 7. Bxf6 {[%emt 0:00:04]} Qxf6 {[%emt 0:00:05]} 8. Nf3 {[%emt 0:00:07]} O-O {[%emt 0:00:10]} 9. Qd3 {[%emt 0:00:04]} c5 {[%emt 0:00:13]} 10. O-O-O {[%emt 0:01:44]} cxd4 {[%emt 0:00:08]} 11. Qxd4 {[%emt 0:05:17]} Qxd4 {[%emt 0:00:04]} 12. Rxd4 {[%emt 0:00:11]} Nc6 {[%emt 0:00:14]} 13. Rd6 {[%emt 0:00:22]} Rd8 {[%emt 0:00:37]} 14. Rxd8+ {[%emt 0:00:45]} Nxd8 {[%emt 0:00:01]} 15. Bd3 {[%emt 0:05:14]} Bd7 {[%emt 0:00:28]} 16. Ne5 {[%emt 0:01:26]} Be8 {[%emt 0:00:14]} 17. Rd1 {[%emt 0:07:38]} Nc6 {[%emt 0:00:31]} 18. Nc4 {[%emt 0:01:29]} Rd8 {[%emt 0:04:07]} 19. Be4 {[%emt 0:15:18]} Nd4 {[%emt 0:00:58]} 20. Rd2 {[%emt 0:11:09]} Bb5 {[%emt 0:03:22]} 21. Na5 {[%emt 0:03:54]} b6 {[%emt 0:05:16]} 22. Nb7 {[%emt 0:03:37]} Rd7 {[%emt 0:01:52]} 23. c3 {[%emt 0:12:43]} Ne2+ {[%emt 0:01:12]} 24. Kd1 {[%emt 0:00:42]} Nf4 {[%emt 0:01:11]} 25. Nd6 {[%emt 0:02:49]} Ba6 {[%emt 0:05:58]} 26. Bc6 {[%emt 0:00:38]} Rd8 {[%emt 0:20:49]} 27. c4 {[%emt 0:09:58]} Kf8 {[%emt 0:04:25]} 28. b3 {[%emt 0:02:16]} Ke7 {[%emt 0:01:36]} 29. Ne4 {[%emt 0:00:16]} Rxd2+ {[%emt 0:00:44]} 30. Nxd2 {[%emt 0:00:36]} Nd3 {[%emt 0:00:26]} 31. f3 {[%emt 0:02:28]} Nb4 {[%emt 0:00:10]} 32. Ba8 {[%emt 0:02:09]} Nxa2 {[%emt 0:00:33]} 33. Kc2 {[%emt 0:00:03]} Bc8 {[%emt 0:01:01]} 34. Kb2 {[%emt 0:01:16]} Nb4 {[%emt 0:00:03]} 35. Kc3 {[%emt 0:00:04]} a5 {[%emt 0:00:06]} 36. c5 {[%emt 0:00:31]} bxc5 {[%emt 0:00:28]} 37. Kc4 {[%emt 0:00:24]} Na6 {[%emt 0:00:43]} 38. Ne4 {[%emt 0:01:52]} e5 {[%emt 0:02:40]} 39. Nxc5 {[%emt 0:06:07]} Nxc5 {[%emt 0:00:57]} 40. Kxc5 {[%emt 0:00:01]} Be6 {[%emt 0:00:06]} 41. Kb5 {[%emt 0:01:34]} Bxb3 {[%emt 0:00:09]} 42. Kxa5 {[%emt 0:00:03]} Kd6 {[%emt 0:00:13]} 43. Be4 {[%emt 0:00:05]} Kc5 {[%emt 0:13:35]} 44. Bxh7 {[%emt 0:00:21]} g6 {[%emt 0:00:07]} 45. h4 {[%emt 0:00:32]} Bd5 {[%emt 0:01:12]} 46. Ka6 {[%emt 0:00:45]} Kd6 {[%emt 0:04:24]} 47. Kb6 {[%emt 0:00:38]} Ba8 {[%emt 0:01:56]} 48. Ka7 {[%emt 0:00:25]} Bd5 {[%emt 0:01:44]} 49. Kb6 {[%emt 0:00:01]} Ke7 {[%emt 0:05:51]} 50. Kc5 {[%emt 0:00:08]} Ba8 {[%emt 0:00:13]} 51. h5 {[%emt 0:00:42]} gxh5 {[%emt 0:00:09]} 52. Bd3 {[%emt 0:00:42]} h4 {[%emt 0:00:03]} 53. Be2 {[%emt 0:00:53]} Kf6 {[%emt 0:02:02]} 54. Kd6 {[%emt 0:00:04]} Kf5 {[%emt 0:01:23]} 55. Ke7 {[%emt 0:00:05]} Kf4 {[%emt 0:00:27]} 56. Kf6 {[%emt 0:01:22]} Kg3 {[%emt 0:00:05]} 57. Bf1 {[%emt 0:02:15]} Kf2 {[%emt 0:00:34]} 58. Bb5 {[%emt 0:00:04]} Kxg2 {[%emt 0:00:48]} 59. Bd7 {[%emt 0:00:04]} Bxf3 {[%emt 0:00:16]} 60. Kxe5 {[%emt 0:00:13]} h3 {[%emt 0:00:02]} 0-1